01267nab a22002537a 4500999001500000003000400015005001700019008004100036040000700077100002400084245016900108260007300277300001200350500002800362505018800390505008200578650002300660650002300683650004600706650005800752650003400810773015600844942001301000 c5606d5606OSt20251222104536.0190429b xxu||||| |||| 00| 0 spa d cPJ 96581aRaggio, Guido10aAbuso sexual infantil desde el análisis con perspectiva de género y respeto a los derechos fundamentales de las niñas, niños y adolescentes /cGuido Raggio. cCiudad Autónoma de Buenos Aires :aThomson Reuters La Ley, b2025. ap. 8-26 aCita: AR/DOC/1622/2025. aSumario: I. Introducción.— II. Juzgar con perspectiva de género.— III. Violencia contra niños/as y adolescentes.— IV. Abuso sexual infantil.— V. Reflexión y propuesta. tSi te interesa el texto completo, solicitalo a koha@justierradelfuego.gov.ar  09343aDERECHO PENAL 092903aABUSO SEXUAL 092902aDELITOS CONTRA LA INTEGRIDAD SEXUAL 092741aDERECHOS DE LAS NIÑAS, NIÑOS Y ADOLESCENTES 094044aPERSPECTIVA DE GÉNERO0 0265893164tRevista de derecho penal y criminología. Nº 7 - Agosto 2025dCiudad Autónoma de Buenos Aires : Thomson Reuters La Ley, 2017-x00347914 2udccANA